Bridgerton - Quiz sur Benedict - Statistiques

Statistiques générales
  • Ce quiz a été pris 247 fois
  • Le résultat moyen est 14 sur 30
Statistiques - réponses
Hint Réponse % Correct
Proches Prénom de sa compagne Sophie Beckett
91%
Faits de base Quel art pratique-t-il ? La peinture
88%
Famille Prénom de son premier frère Anthony Bridgerton
87%
Famille Prénom de son deuxième frère Colin Bridgerton
86%
Famille Prénom de sa première sœur Daphne Bridgerton
86%
Famille Prénom de sa deuxième sœur Eloise Bridgerton
85%
Faits de base Nom complet Benedict Bridgerton
84%
Famille Prénom de son troisième frère Gregory Bridgerton
84%
Famille Prénom de sa troisième sœur Francesca Bridgerton
83%
Famille Prénom de sa mère Lady Violet Bridgerton
83%
Famille Prénom de sa quatrième sœur Hyacinthe Bridgerton
80%
Couple Prénom de sa première fille Violet Bridgerton
80%
Famille Prénom de son père Lord Edmund Bridgerton
77%
La saga Numéro du tome 3
65%
Benedict & Sophie Inspirations du conte Cendrillon
48%
La saga Acteur dans la saga Luke Thompson
35%
Benedict & Sophie Métier exercé par Sophie avant leur mariage Domestique
23%
Proches Prénom de sa maîtresse modiste Genevieve Delacroix
19%
Faits de base Lieu de résidence principal Londres
16%
Faits de base Titre de noblesse Aucun
13%
Couple Prénom de son premier fils Charles Bridgerton
12%
Benedict & Sophie Obstacle principal de leur relation La différence de classe sociale
11%
Benedict & Sophie Surnom de Sophie La Dame en argent
10%
Couple Prénom de son troisième fils William Bridgerton
10%
La saga Titre du roman qui lui est consacré Sophie, la femme du bal (An Offer From a Gentleman)
8%
Couple Prénom de son deuxième fils Alexander Bridgerton
7%
Faits de base Rang dans la fraterie Deuxième enfant
7%
Benedict & Sophie Lieu de leur première rencontre Un bal masqué
4%
Proches Prénom de son mentor Henry Granville
3%
Proches Prénom de sa maîtresse scientifique Tilley Arnold
2%
Aucun quiz correspondant
Distribution des résultats
% des personnes avec chaque résultat
Percentile par nombre de réponses
Votre historique - résultats
Vous n’avez pas pris ce quiz